[Event "ROM-ch U10"]
[Site "Baile Felix"]
[Date "2017.02.06"]
[Round "6"]
[White "Militaru, Mihai Gabriel"]
[Black "Maris, Andrei Ionut"]
[Result "1-0"]
[WhiteElo "1001"]
[BlackElo "1046"]
[PlyCount "95"]
[EventDate "2017.02.02"]
[EventType "swiss"]
[EventRounds "9"]
[EventCountry "ROU"]
[SourceTitle "CBM 176 Extra"]
[Source "ChessBase"]
[SourceDate "2017.03.02"]
[SourceVersion "1"]
[SourceVersionDate "2017.03.02"]
[SourceQuality "1"]

1. e4 c5 2. Nf3 Nc6 3. Bc4 h6 4. d3 e5 5. Be3 Nd4 6. Bxd4 exd4 7. Ne5 b5 8. Nxf7 Qc7 9. Nxh8 bxc4 10. Qf3 Nf6 11. 0-0 Bd6 12. g3 cxd3 13. cxd3 c4 14. e5 Bxe5 15. Qxa8 Ke7 16. Ng6+ Kf7 17. Nxe5+ Qxe5 18. Qxc8 cxd3 19. Qc4+ Ke7 20. Nd2 Kf8 21. Qxd3 Qd5 22. Qc4 Qd6 23. a3 d3 24. Qb4 Qxb4 25. axb4 Nd5 26. b5 Nb4 27. Ra4 Nc2 28. Rc1 Ke7 29. Rf4 Ke6 30. Rf3 Nb4 31. Rc4 Nd5 32. Rxd3 Nf6 33. Ra4 d5 34. Rxa7 g5 35. b6 Nd7 36. b7 h5 37. Rb3 g4 38. b8Q Nxb8 39. Rxb8 Ke5 40. Re7+ Kd6 41. Rh7 Ke6 42. Rxh5 Kd6 43. Rd8+ Kc6 44. Rdxd5 Kb6 45. Rh6+ Kc7 46. Rg5 Kd7 47. Rg7+ Ke8 48. Rh8# 1-0

[Event "ROM-ch U10"]
[Site "Baile Felix"]
[Date "2017.02.02"]
[Round "1"]
[White "Maris, Andrei Ionut"]
[Black "Marginean, Bogdan Andrei"]
[Result "0-1"]
[WhiteElo "1046"]
[BlackElo "1259"]
[PlyCount "37"]
[EventDate "2017.02.02"]
[EventType "swiss"]
[EventRounds "9"]
[EventCountry "ROU"]
[SourceTitle "CBM 176 Extra"]
[Source "ChessBase"]
[SourceDate "2017.03.02"]
[SourceVersion "1"]
[SourceVersionDate "2017.03.02"]
[SourceQuality "1"]

1. e4 d5 2. exd5 Qxd5 3. Nc3 Qd8 4. Nf3 Nf6 5. Be2 Bf5 6. 0-0 e6 7. d3 Nbd7 8. Bf4 a6 9. Ne5 Bd6 10. d4 Qe7 11. Re1 0-0-0 12. Bf3 Nxe5 13. Bxe5 Bxe5 14. Rxe5 Ng4 15. Bxg4 Bxg4 16. f3 f6 17. Re4 Bf5 18. Re3 e5 19. d5 0-1